Наръчник на политиците според кардинал Мазарини (Запис номер 127557)
[ съкратено ]
| 000 -Лидер | |
|---|---|
| Контролно поле с фиксирана дължина | 02523nam a2200457 c 4500 |
| 003 - Код на организацията, давaща контролен номер | |
| Контролно поле | BLK |
| 005 - Дата и час на последна редакция | |
| Контролно поле | 20180422111257.0 |
| 008 - Елементи от данни с фиксирана дължина | |
| fixed length control field | 180409b bul|||||r ||||||| ||bul|| |
| 010 ## - Наследен системен номер | |
| LC control number | KNG00133260000 |
| 020 ## - Международен стандартен номер на книга ISBN | |
| Международен стандартен номер на книга ISBN | 978-954-8887-84-7 |
| -- | издат.: За буквите - О писменехь |
| 040 ## - Източник на каталожния запис | |
| Идентификатор на билиотеката - собственик на записа | BLK |
| 041 ## - Код за език | |
| Код за езика на текст/звукозапис или на отделно заглавие | Български |
| Код за езика КДБФ | Български |
| Други езици | Латински |
| 072 #7 - Код за тематичната категория | |
| Код организация | bullib |
| Код за тематична категория | Н32 |
| Текст | Политика Н |
| 080 ## - УДК | |
| Текстов определител УДК | Политическа теория. Политическа идеология. Политология |
| УДК код - определител по УДК | 32.01 |
| УДК определител | (092) |
| УДК - код + определител | 32.01(092) |
| 080 ## - УДК | |
| Текстов определител УДК | Кардинал Жул Мазарини, френски политик и министър |
| УДК код - определител по УДК | 929 Мазарини, Джулио кардинал |
| УДК определител | |
| УДК - код + определител | 929 Мазарини, Джулио кардинал |
| 100 1# - Редна дума - Автор | |
| Автор | Мазарини, Джулио кардинал |
| Авторска отговорност | първи автор |
| Автор - информация (биография) | Джулио Раймондо Мазарини |
| R(LIN) | 320753 |
| 139 ## - Редно поле | |
| Редна дума | Мазарини, Джулио кардинал |
| Авторски знак | Маж - М 15 |
| 245 10 - Сведения за заглавието | |
| Заглавие | Наръчник на политиците според кардинал Мазарини |
| Редно поле (дума) | Джулио кардинал Мазарини; * Жул кардинал Мазарини; * Джулио Раймондо Мазарини; състав. Кирил Пламен Карталов; прев. Симеон Георгиев Тодоров. |
| 257 ## - Страна на издаване | |
| Страна на създаване/издаване | България |
| 260 ## - Област на издателските данни | |
| -- | София |
| Име на издателя, разпространителя и проч. | За буквите - О писменехь |
| Година на издаване | 2010 |
| Печатница | София : Авангард |
| 300 ## - Физическа характеристика | |
| Страници | 176 с. |
| Размери/Мащаб | 24 см |
| 380 ## - Жанр | |
| Жанр | Религия. Теология |
| 490 1# - СЕРИИ (Колекции) | |
| Име на серия | Utilitas Communis |
| 490 1# - СЕРИИ (Колекции) | |
| -- | Подсерия |
| Име на серия | Поредица за политически науки и международни отношения |
| №: серия | 2 |
| 500 ## - Общи забележки | |
| Забележка | Ориг. загл. Breviarium politicorum secundum rubricas Mazarinicas. - Парал. текст на лат. ез. |
| 600 14 - Име на лице, използвано като предмет | |
| За него / За нея | Мазарини, Джулио кардинал |
| 9 (RLIN) | 313116 |
| 650 #4 - Допълнително описание по предмет – тема | |
| Основно описание – тема или топоним | Политическа наука |
| 9 (RLIN) | 250352 |
| 650 #4 - Допълнително описание по предмет – тема | |
| Основно описание – тема или топоним | Мазарини, Джулио кардинал |
| 9 (RLIN) | 313116 |
| 653 ## - Ключова дума – ненормативна | |
| Ключова дума | политическа наука |
| 653 ## - Ключова дума – ненормативна | |
| Ключова дума | Джулио Мазарини |
| 659 ## - Тематичен бюлетин | |
| Тематичен бюлетин | Н |
| 700 1# - Други автори (авторска отговорност) | |
| Лично име | Мазарини, Жул кардинал |
| Автороска отговорност (Описва отношението между автора и произведението) | * |
| 9 (RLIN) | 320754 |
| 700 1# - Други автори (авторска отговорност) | |
| Лично име | Мазарини, Джулио Раймондо |
| Автороска отговорност (Описва отношението между автора и произведението) | * |
| 9 (RLIN) | 320755 |
| 700 1# - Други автори (авторска отговорност) | |
| Лично име | Карталов, Кирил Пламен |
| Автороска отговорност (Описва отношението между автора и произведението) | състав. |
| 9 (RLIN) | 377788 |
| 700 1# - Други автори (авторска отговорност) | |
| Лично име | Тодоров, Симеон Георгиев |
| Автороска отговорност (Описва отношението между автора и произведението) | прев. |
| 9 (RLIN) | 370887 |
| 852 ## - Местоположение | |
| Форматна сигнатура | Цб 256104 |
| 856 4# - Електронен адрес и достъп | |
| Електронен формат | pdf - файл |
| Път до файла /url/ | |
| 856 4# - Електронен адрес и достъп | |
| Електронен формат | pdf - файл |
| Път до файла /url/ | |
| 942 ## - АРТИКУЛИ | |
| Вид на библиотечния материал | Книги |
| Скрит в OPAC | Не |
| 944 ## - СЪЗДАВАНЕ И РЕДАКЦИЯ на ЗАПИСА | |
| Създаване/Редакция | Създаване |
| Дата на регистрацията/редакция | 27.08.2012 |
| Служител, извършил регистрацията/редакцията | Милена_Ачева |
| 944 ## - СЪЗДАВАНЕ И РЕДАКЦИЯ на ЗАПИСА | |
| Създаване/Редакция | Редакция |
| Дата на регистрацията/редакция | 06.03.2013 |
| Служител, извършил регистрацията/редакцията | |
| 999 ## - СИСТЕМНИ КОНТРОЛНИ НОМЕРА | |
| Koha biblionumber | 127557 |
| Koha biblioitemnumber | 127557 |
| Код за отписване | Код за изгубен артикул | Код за повреда | Коз за рестрикции | Код за отдаване | Артикулен № | Име на библиотеката - собственик | Име на библиотеката, в която се намира в момента | Статус (Текущо местоположение) | Дата на вписване в системата | Местоположение - отдел | Цена в лева | Инвентарен номер | Систематично азбучна сигнатура | Баркод | Номер на екземпляра | Цена в евро | Служебна бележка | Служебен тип на артикула |
|---|---|---|---|---|---|---|---|---|---|---|---|---|---|---|---|---|---|---|
| Не е изгубен | Не е повреден | без рестрикции | ползва се в читалня | 207473 | Регионална библиотека "Любен Каравелов" Русе | Регионална библиотека "Любен Каравелов" Русе | Хранилище | 2012-08-27 | Хранилище | 12.00 | 120000759474 | Цб 256104 | 120000759474 | 1 | 6.14 | Дост: Dp Вид: Д N: 28 Дата: 11.07.2011 | Книги |